Komu djakovaty prysvjačuju 5. ričnici kodifikaciji rusyňskoho jazyka

Bibliographic Details
Main Author: Smolej, Štefan, 1933- (Author)
Format: Article
Language:Slavic languages
Subjects:

MARC

LEADER 00000nab a2200000 a 4500
001 vtls000715763
003 SK-MaSNL
005 20260303230724.0
008 240612c2000 xo 0 sla
015 |a SNBRB2000/03-07208 
035 |a CLN000067930 
040 |a SNKBUCL  |b slo  |c SNKBUCL  |e AACR2 
041 0 |a sla  |a rue 
044 |a xo  |c SK 
080 |a 887.5 (437.6)-1=875  |2 UDC-MRF-SK2 
100 1 |a Smolej, Štefan,  |d 1933-  |4 aut  |9 106765 
245 1 0 |a Komu djakovaty  |b prysvjačuju 5. ričnici kodifikaciji rusyňskoho jazyka  |c Štefan Smolej 
650 0 7 |a vlastenecké básne, rusínske  |2 snkbucl  |9 73231 
773 0 |t Narodny novynky  |g Roč. 10, č. 7-8 (2000), s. 1 
850 |a Slovenská národná knižnica v Martine 
852 |a SNK  |b KIS3GCP 
958 |a RN 
958 |a SK 
958 |a LX 
958 |a RBX 
999 |c 2263621  |d 2265551